00661nas a2200217 450000500170000000800410001702200130005808200420007110000280011324500580014126000150019926000320021426000090024630000100025544000290026565000150029465000110030965000130032065000140033377300960034720180604164158.0180604b xxu||||| |||| 00| 0 spa d a16593383 aInvestiga.TEC Mes enero, N° 31, 2018 aChaves Castillo, Andrea a¿Que entendemos en Costa Rica por ciudad y vivienda? aCosta Rica bTecnológica de Costa Rica c2018 a18-23 aInvestiga.TECn31vEnero aCOSTA RICA aCIUDAD aVIVIENDA aURBANISMO0 09516abdCosta Rica Tecnológica de Costa Rica 2017oIT1831tInvestiga. TECwx16593383z